00761nam a2200193 i 4500001000700000003000900007005001700016007000300033008004100036100002200077245018900099260004000288490006800328650002700396700002000423700002400443830006800467852003200535133585ES-MaACL20230906194447.0t|070821s1974 ag ||||1| spa d1 aWolin, Sheldon S.10aPolítica y perspectiva b: continuidad y cambio en el pensamiento político occidental / cSheldon S. Wolin ; [traducción, Ariel Bignami ; revisión técnica Alfredo Antognini]. aBuenos Aires : bAmorrortu, c1974.1 aBiblioteca de ciencias políticas y relaciones internacionales aPolítica-vHistoria.1 aBignami, Ariel.1 aAntognini, Alfredo.0 aBiblioteca de ciencias políticas y relaciones internacionales aES-MaACLjL-8541 bR.109064